[Event "Titled Tuesday 2024.07.02 Early"]
[Site "Chess.com INT"]
[Date "2024.07.02"]
[Round "9"]
[White "Sai, Krishna GV"]
[Black "Daaevik, Wadhawan"]
[Result "0-1"]
[WhiteElo "2402"]
[BlackElo "2324"]
[WhiteFideId "-1"]
[WhiteFideId "-1"]
[PlyCount "76"]
[GameId "2065220344684544"]
[EventDate "2024.07.02"]
[EventType "swiss (blitz)"]
[EventRounds "11"]
[EventCountry "NET"]
[SourceTitle "EXT 2025"]
[Source "ChessBase"]
[SourceDate "2024.10.14"]
[SourceVersion "1"]
[SourceVersionDate "2024.10.14"]
[SourceQuality "1"]

1. Nf3 d5 2. g3 Nf6 3. Bg2 e6 4. O-O Be7 5. d3 O-O 6. Nbd2 Nc6 7. e4 dxe4 8. dxe4 e5 9. c3 h6 10. Nh4 a5 11. Nf5 Bxf5 12. exf5 Bc5 13. Qe2 Qd7 14. g4 Rad8 15. Ne4 Nxe4 16. Bxe4 Ne7 17. Qf3 f6 18. Bxb7 c6 19. Ba6 Nd5 20. Bc4 Kh7 21. h4 Rfe8 22. g5 Nf4 23. Qg4 h5 24. Qg3 Qxf5 25. Kh2 fxg5 26. hxg5 h4 27. Qf3 e4 28. Qxf4 Bd6 29. Qxd6 Rxd6 30. Be3 Kg6 31. Be2 Red8 32. Rg1 Rd2 33. Bxd2 Rxd2 34. Rae1 Qxf2+ 35. Kh3 Rxe2 36. Rxe2 Qxe2 37. Rg2 Qf3+ 38. Kh2 e3 0-1

[Event "Titled Tuesday 2023.12.12 Late"]
[Site "Chess.com INT"]
[Date "2023.12.12"]
[Round "8"]
[White "Sai, Krishna GV"]
[Black "Szpar, Milosz"]
[Result "1-0"]
[WhiteElo "2371"]
[BlackElo "2485"]
[WhiteFideId "-1"]
[WhiteFideId "-1"]
[PlyCount "59"]
[GameId "1991661370408960"]
[EventDate "2023.12.12"]
[EventType "swiss (blitz)"]
[EventRounds "11"]
[EventCountry "NET"]
[SourceTitle "EXT 2025"]
[Source "ChessBase"]
[SourceDate "2024.10.14"]
[SourceVersion "1"]
[SourceVersionDate "2024.10.14"]
[SourceQuality "1"]

1. d4 d5 2. c4 e6 3. Nf3 Nf6 4. Nc3 dxc4 5. e3 a6 6. Bxc4 b5 7. Bb3 Bb7 8. O-O Nbd7 9. Qe2 c5 10. Rd1 Qb8 11. d5 c4 12. dxe6 fxe6 13. Bc2 Bd6 14. Ng5 Nc5 15. b4 cxb3 16. Bxb3 Nxb3 17. axb3 Bxh2+ 18. Kh1 Qe5 19. f4 Qxc3 20. Bb2 Qc6 21. Kxh2 O-O 22. Rac1 Qe8 23. Ba3 h6 24. Bxf8 hxg5 25. fxg5 Ne4 26. Rc7 Qb8 27. Rdd7 Kxf8 28. Qh5 Kg8 29. Qf7+ Kh8 30. Qxg7# 1-0

[Event "Titled Tuesday 2023.06.13 Late"]
[Site "Chess.com INT"]
[Date "2023.06.13"]
[Round "2"]
[White "Bueno, Alfeu Varela Jr"]
[Black "Sai, Krishna GV"]
[Result "0-1"]
[WhiteElo "2135"]
[BlackElo "2376"]
[WhiteFideId "-1"]
[WhiteFideId "-1"]
[PlyCount "120"]
[GameId "1925674239172608"]
[EventDate "2023.06.13"]
[EventType "swiss (blitz)"]
[EventRounds "11"]
[EventCountry "NET"]
[SourceTitle "EXT 2024"]
[Source "ChessBase"]
[SourceDate "2023.10.10"]
[SourceVersion "1"]
[SourceVersionDate "2023.10.10"]
[SourceQuality "1"]

1. e4 e5 2. Nc3 Nc6 3. Bc4 Nf6 4. d3 Bb4 5. Bg5 h6 6. Bh4 g5 7. Bg3 d5 8. exd5 Nxd5 9. Nge2 f5 10. O-O Nf6 11. f3 Qe7 12. Kh1 Be6 13. Bb5 Qc5 14. d4 exd4 15. Nxd4 O-O-O 16. Nxe6 Rxd1 17. Nxc5 Rxa1 18. Rxa1 Bxc5 19. Bxc6 bxc6 20. Be5 Rf8 21. Rd1 Be7 22. Kg1 Rd8 23. Rxd8+ Kxd8 24. Kf2 Kd7 25. Ke3 Ke6 26. Bxc7 Bb4 27. Bb8 Bxc3 28. bxc3 a6 29. Kd4 Nd7 30. Bg3 f4 31. Bf2 Kd6 32. Kc4 c5 33. a4 Kc6 34. a5 Ne5+ 35. Kb3 Kb5 36. Bg1 Nc4 37. Bf2 Nxa5+ 38. Ka3 Nc4+ 39. Kb3 a5 40. Bg1 a4+ 41. Ka2 Ne3 42. g3 Nxc2 43. gxf4 gxf4 44. h3 Ne1 45. Bh2 Nxf3 46. Bxf4 h5 47. Kb2 Kc4 48. Bd6 Ng1 49. h4 Nf3 50. Be7 Ne5 51. Ka3 Kb5 52. Bf6 Nc4+ 53. Ka2 Nb6 54. Be7 Nd5 55. c4+ Kxc4 56. Bf8 Kb4 57. Bd6 Nc3+ 58. Kb2 a3+ 59. Kc2 Nb5 60. Be7 Nd4+ 0-1

[Event "Titled Tuesday 2023.03.28 Early"]
[Site "Chess.com INT"]
[Date "2023.03.28"]
[Round "5"]
[White "Baruch, Liam"]
[Black "Sai, Krishna GV"]
[Result "0-1"]
[WhiteElo "1718"]
[BlackElo "2385"]
[WhiteFideId "-1"]
[WhiteFideId "-1"]
[PlyCount "40"]
[GameId "1897785850781696"]
[EventDate "2023.03.28"]
[EventType "swiss (blitz)"]
[EventRounds "11"]
[EventCountry "NET"]
[SourceTitle "EXT 2024"]
[Source "ChessBase"]
[SourceDate "2023.10.10"]
[SourceVersion "1"]
[SourceVersionDate "2023.10.10"]
[SourceQuality "1"]

1. e4 c5 2. Nc3 d6 3. f4 g6 4. Nf3 Bg7 5. Bb5+ Nc6 6. d3 e6 7. O-O Nge7 8. Qe1 O-O 9. Qg3 Nd4 10. Rf2 f5 11. Be3 Qb6 12. Rb1 Nxb5 13. Nxb5 Qxb5 14. Qh4 Nc6 15. g4 fxg4 16. Qxg4 e5 17. Qh4 exf4 18. Bxf4 Nd4 19. Ng5 h6 20. Nh3 Bxh3 0-1

[Event "Titled Tuesday 2023.03.28 Early"]
[Site "Chess.com INT"]
[Date "2023.03.28"]
[Round "9"]
[White "Zheenbekov, Nurgazi"]
[Black "Sai, Krishna GV"]
[Result "1/2-1/2"]
[WhiteElo "1992"]
[BlackElo "2385"]
[WhiteFideId "-1"]
[WhiteFideId "-1"]
[PlyCount "140"]
[GameId "1897785854816256"]
[EventDate "2023.03.28"]
[EventType "swiss (blitz)"]
[EventRounds "11"]
[EventCountry "NET"]
[SourceTitle "EXT 2024"]
[Source "ChessBase"]
[SourceDate "2023.10.10"]
[SourceVersion "1"]
[SourceVersionDate "2023.10.10"]
[SourceQuality "1"]

1. e4 c5 2. Nf3 d6 3. Bb5+ Nc6 4. O-O g6 5. Re1 Bg7 6. h3 e6 7. c3 Nge7 8. a4 O-O 9. d4 cxd4 10. cxd4 d5 11. e5 h6 12. b3 Nb4 13. a5 Bd7 14. Bf1 Rc8 15. Ba3 Nc2 16. Nbd2 Re8 17. Bc5 Nxa1 18. Qxa1 b6 19. axb6 axb6 20. Bd6 Nf5 21. Bb4 Ra8 22. Qb2 Bf8 23. Bxf8 Rxf8 24. Bd3 Qe7 25. Bxf5 exf5 26. h4 Kg7 27. e6 Bxe6 28. Ne5 Qxh4 29. Ndf3 Qf6 30. Qd2 Rfc8 31. Qb4 Qd8 32. Nd3 Rab8 33. Nf4 Qf6 34. Ne5 Re8 35. Qd6 Rbd8 36. Qxb6 Rb8 37. Qa7 Qe7 38. Qxe7 Rxe7 39. Nc6 Reb7 40. Nxb8 Rxb8 41. Nxe6+ fxe6 42. Rxe6 Rb4 43. Rd6 Rxd4 44. b4 Rxb4 45. Rxd5 Kf6 46. g3 Kg5 47. Kg2 Rb3 48. Rd6 f4 49. gxf4+ Kf5 50. f3 h5 51. Kg3 Rb1 52. Rd5+ Ke6 53. Re5+ Kf6 54. Ra5 Rg1+ 55. Kf2 Rc1 56. Kg3 Rg1+ 57. Kf2 Rc1 58. Kg3 Rh1 59. Ra6+ Kf5 60. Ra5+ Kf6 61. Ra6+ Kg7 62. f5 gxf5 63. Kf4 h4 64. Kxf5 h3 65. Kg4 h2 66. Kg3 Rf1 67. Kxh2 Rxf3 68. Kg2 Rf7 69. Rb6 Rf6 70. Rxf6 Kxf6 1/2-1/2

[Event "Titled Tuesday 2023.01.24 Late"]
[Site "Chess.com INT"]
[Date "2023.01.24"]
[Round "1"]
[White "Dinu, Dumitru Daniel"]
[Black "Sai, Krishna GV"]
[Result "0-1"]
[WhiteElo "2203"]
[BlackElo "2379"]
[WhiteFideId "-1"]
[WhiteFideId "-1"]
[PlyCount "44"]
[GameId "1874951557107712"]
[EventDate "2023.01.24"]
[EventType "swiss (blitz)"]
[EventRounds "11"]
[EventCountry "NET"]
[SourceTitle "EXT 2024"]
[Source "ChessBase"]
[SourceDate "2023.10.10"]
[SourceVersion "1"]
[SourceVersionDate "2023.10.10"]
[SourceQuality "1"]

1. e4 e5 2. Nf3 Nc6 3. Bb5 a6 4. Ba4 d6 5. c3 f5 6. d3 Nf6 7. Bc2 Be7 8. O-O O-O 9. Re1 f4 10. d4 Qe8 11. dxe5 dxe5 12. Nbd2 Qh5 13. h3 g5 14. Nh2 g4 15. hxg4 Nxg4 16. Nxg4 Bxg4 17. f3 Bc5+ 18. Kf1 Qh1+ 19. Ke2 Qxg2+ 20. Kd3 Rfd8+ 21. Kc4 Be6+ 22. Kxc5 Qf2+ 0-1

[Event "Titled Tuesday 2023.01.24 Late"]
[Site "Chess.com INT"]
[Date "2023.01.24"]
[Round "2"]
[White "Sai, Krishna GV"]
[Black "Moral Garcia, Serafin"]
[Result "1-0"]
[WhiteElo "2379"]
[BlackElo "2223"]
[WhiteFideId "-1"]
[WhiteFideId "-1"]
[PlyCount "115"]
[GameId "1874951558246400"]
[EventDate "2023.01.24"]
[EventType "swiss (blitz)"]
[EventRounds "11"]
[EventCountry "NET"]
[SourceTitle "EXT 2024"]
[Source "ChessBase"]
[SourceDate "2023.10.10"]
[SourceVersion "1"]
[SourceVersionDate "2023.10.10"]
[SourceQuality "1"]

1. e4 e5 2. Nf3 Nf6 3. Nxe5 d6 4. Nf3 Nxe4 5. Nc3 Nxc3 6. dxc3 Be7 7. Bf4 Nc6 8. Qd2 Be6 9. Ng5 Bxg5 10. Bxg5 Qd7 11. O-O-O f6 12. Be3 O-O-O 13. Bb5 a6 14. Ba4 Kb8 15. h4 h5 16. Rhe1 Rhe8 17. f3 b5 18. Bb3 Ne5 19. Qd4 c5 20. Qf4 c4 21. Qd4 cxb3 22. axb3 Qb7 23. Kd2 Bf5 24. Ra1 Re7 25. Ra3 Nc6 26. Qf4 b4 27. Ra4 bxc3+ 28. bxc3 Bc8 29. Rea1 Rde8 30. Rxa6 Rxe3 31. Qxd6+ Qc7 32. Ra8+ Kb7 33. R8a7+ Nxa7 34. Rxa7+ Kxa7 35. Qxc7+ Bb7 36. Qxg7 Re2+ 37. Kc1 Rd8 38. Qxf6 Rdd2 39. Qf5 Rxg2 40. Qa5+ Kb8 41. Qe5+ Ka7 42. Qc5+ Ka8 43. Qf8+ Ka7 44. Qc5+ Ka8 45. Qa5+ Kb8 46. Qf5 Rdf2 47. f4 Re2 48. Kb2 Be4 49. Qxh5 Rxc2+ 50. Ka3 Bb7 51. Qe5+ Ka7 52. f5 Ra2+ 53. Kb4 Rg4+ 54. c4 Ra6 55. f6 Rb6+ 56. Kc3 Rg8 57. f7 Rf8 58. Qe7 1-0

[Event "Titled Tuesday 2023.01.24 Late"]
[Site "Chess.com INT"]
[Date "2023.01.24"]
[Round "3"]
[White "Robson, Ray"]
[Black "Sai, Krishna GV"]
[Result "1-0"]
[WhiteElo "2702"]
[BlackElo "2379"]
[WhiteFideId "-1"]
[WhiteFideId "-1"]
[PlyCount "111"]
[GameId "1874951559041024"]
[EventDate "2023.01.24"]
[EventType "swiss (blitz)"]
[EventRounds "11"]
[EventCountry "NET"]
[SourceTitle "EXT 2024"]
[Source "ChessBase"]
[SourceDate "2023.10.10"]
[SourceVersion "1"]
[SourceVersionDate "2023.10.10"]
[SourceQuality "1"]

1. e4 e5 2. Nf3 Nc6 3. Bb5 a6 4. Ba4 d6 5. O-O Nf6 6. c3 Be7 7. Re1 O-O 8. h3 b5 9. Bb3 Nd7 10. d4 Bf6 11. a4 Bb7 12. d5 Na5 13. Bc2 Nb6 14. b4 Nac4 15. a5 Nc8 16. Nbd2 Nxd2 17. Bxd2 c5 18. c4 bxc4 19. Qe2 cxb4 20. Qxc4 Na7 21. Bxb4 Rc8 22. Qe2 Nb5 23. Bd3 Qd7 24. Reb1 Nd4 25. Nxd4 exd4 26. Ra2 Rb8 27. Rab2 Ba8 28. Rb3 Rfe8 29. Qg4 Qa4 30. Qd1 Be5 31. Bxa6 f5 32. Bd3 fxe4 33. Bxe4 Bh2+ 34. Kxh2 Rxe4 35. Bxd6 Rbe8 36. Ra3 Qc4 37. Bg3 Qxd5 38. Qf3 Rf8 39. Qb3 Re6 40. Qxd5 Bxd5 41. Rd1 Ra6 42. Rxd4 Be6 43. Rd6 Rfa8 44. Rxa6 Rxa6 45. Bc7 Kf8 46. Bb6 Ke7 47. Rc3 Kf6 48. f3 Ra8 49. Kg3 h5 50. h4 g5 51. hxg5+ Kxg5 52. Rc5+ Kg6 53. Kh4 Rh8 54. Rg5+ Kf6 55. Bd4+ Kf7 56. Bxh8 1-0

[Event "Titled Tuesday 2023.01.24 Late"]
[Site "Chess.com INT"]
[Date "2023.01.24"]
[Round "4"]
[White "Sai, Krishna GV"]
[Black "Bilan, Danila"]
[Result "1-0"]
[WhiteElo "2379"]
[BlackElo "2303"]
[WhiteFideId "-1"]
[WhiteFideId "-1"]
[PlyCount "63"]
[GameId "1874951559438336"]
[EventDate "2023.01.24"]
[EventType "swiss (blitz)"]
[EventRounds "11"]
[EventCountry "NET"]
[SourceTitle "EXT 2024"]
[Source "ChessBase"]
[SourceDate "2023.10.10"]
[SourceVersion "1"]
[SourceVersionDate "2023.10.10"]
[SourceQuality "1"]

1. e4 c6 2. d4 d5 3. Nc3 dxe4 4. Nxe4 Nf6 5. Nxf6+ exf6 6. c3 Bd6 7. Bd3 h5 8. Ne2 h4 9. Qc2 Qc7 10. Be3 h3 11. g3 Bg4 12. O-O-O Nd7 13. Rhe1 O-O-O 14. Bf5 Bf3 15. Be4 Bh5 16. Rd2 g5 17. Bf5 Kb8 18. Bxh3 Bxe2 19. Bxd7 Qxd7 20. Rdxe2 Rxh2 21. Bd2 Rdh8 22. Qe4 f5 23. Qd3 Rh1 24. Bxg5 Rxe1+ 25. Rxe1 f4 26. gxf4 Qg4 27. Qe3 Qf5 28. Qe4 Qa5 29. Bf6 Rc8 30. Be5 Bc7 31. Kb1 Qb5 32. Qf5 1-0

[Event "Titled Tuesday 2023.01.24 Late"]
[Site "Chess.com INT"]
[Date "2023.01.24"]
[Round "5"]
[White "Gasparyan, Davit"]
[Black "Sai, Krishna GV"]
[Result "0-1"]
[WhiteElo "2092"]
[BlackElo "2379"]
[WhiteFideId "-1"]
[WhiteFideId "-1"]
[PlyCount "82"]
[GameId "1874951560081408"]
[EventDate "2023.01.24"]
[EventType "swiss (blitz)"]
[EventRounds "11"]
[EventCountry "NET"]
[SourceTitle "EXT 2024"]
[Source "ChessBase"]
[SourceDate "2023.10.10"]
[SourceVersion "1"]
[SourceVersionDate "2023.10.10"]
[SourceQuality "1"]

1. e4 e5 2. Nf3 Nc6 3. Bb5 a6 4. Ba4 d6 5. c3 f5 6. d3 Nf6 7. Nbd2 Be7 8. Bb3 Na5 9. Ng5 Nxb3 10. Qxb3 d5 11. exd5 Nxd5 12. Ngf3 Bf6 13. Nc4 e4 14. dxe4 fxe4 15. Nd4 O-O 16. Ne3 Bxd4 17. cxd4 Be6 18. Qxb7 Rb8 19. Qxa6 Rb6 20. Qa3 Nf4 21. O-O Qxd4 22. Rd1 Nd3 23. Bd2 Rxf2 24. Kh1 Rxd2 25. Rxd2 Qxe3 26. Qa8+ Kf7 27. Rf1+ Ke7 28. Qf8+ Kd7 29. Qxg7+ Kc8 30. Rc2 Bd7 31. Qg8+ Kb7 32. Qc4 Bc6 33. a4 Nxb2 34. Qa2 Qd3 35. Rcc1 e3 36. a5 e2 37. Rfe1 Bd5 38. axb6 Bxa2 39. bxc7 Be6 40. Rb1 Qd2 41. Red1 exd1=Q+ 0-1

[Event "Titled Tuesday 2023.01.24 Late"]
[Site "Chess.com INT"]
[Date "2023.01.24"]
[Round "6"]
[White "Sai, Krishna GV"]
[Black "Terry, Renato"]
[Result "0-1"]
[WhiteElo "2379"]
[BlackElo "2516"]
[WhiteFideId "-1"]
[WhiteFideId "-1"]
[PlyCount "34"]
[GameId "1874951560499200"]
[EventDate "2023.01.24"]
[EventType "swiss (blitz)"]
[EventRounds "11"]
[EventCountry "NET"]
[SourceTitle "EXT 2024"]
[Source "ChessBase"]
[SourceDate "2023.10.10"]
[SourceVersion "1"]
[SourceVersionDate "2023.10.10"]
[SourceQuality "1"]

1. e4 e6 2. d3 d5 3. Nd2 Nf6 4. Ngf3 b6 5. g3 dxe4 6. dxe4 Bc5 7. Bd3 e5 8. Nxe5 Qd4 9. Qf3 Qxe5 10. Nc4 Qh5 11. Be2 Qxf3 12. Bxf3 Bb7 13. O-O O-O 14. Re1 Re8 15. Be3 Na6 16. Re2 Bxe4 17. Bxe4 Rxe4 0-1

[Event "Titled Tuesday 2023.01.17 Late"]
[Site "Chess.com INT"]
[Date "2023.01.17"]
[Round "3"]
[White "Limon Olmos, Ivan Alonso"]
[Black "Sai, Krishna GV"]
[Result "0-1"]
[WhiteElo "2140"]
[BlackElo "2379"]
[WhiteFideId "-1"]
[WhiteFideId "-1"]
[PlyCount "50"]
[GameId "1872443679924224"]
[EventDate "2023.01.17"]
[EventType "swiss (blitz)"]
[EventRounds "11"]
[EventCountry "NET"]
[SourceTitle "CBM 212 Extra"]
[Source "ChessBase"]
[SourceDate "2023.03.31"]
[SourceVersion "1"]
[SourceVersionDate "2023.03.31"]
[SourceQuality "1"]

1. d4 Nf6 2. Nf3 g6 3. c4 Bg7 4. Nc3 O-O 5. e4 d6 6. Be2 e5 7. dxe5 dxe5 8. Qxd8 Rxd8 9. Bg5 c6 10. Nxe5 Re8 11. O-O-O Na6 12. Nf3 Bg4 13. Be3 Nxe4 14. Nxe4 Rxe4 15. b3 Nb4 16. Kb1 Bf5 17. Rd3 Rxe3 18. fxe3 Bxd3+ 19. Bxd3 Nxd3 20. Rd1 Nc5 21. b4 Na6 22. a3 Re8 23. Rd7 Rxe3 24. Rxb7 Rxa3 25. Rxa7 Ra1+ 0-1

[Event "Titled Tuesday 2023.01.10 Early"]
[Site "Chess.com INT"]
[Date "2023.01.10"]
[Round "5"]
[White "Kuznetsova, Olga1"]
[Black "Sai, Krishna GV"]
[Result "1/2-1/2"]
[WhiteElo "2142"]
[BlackElo "2379"]
[WhiteFideId "-1"]
[WhiteFideId "-1"]
[PlyCount "102"]
[GameId "1869892223983616"]
[EventDate "2023.01.10"]
[EventType "swiss (blitz)"]
[EventRounds "11"]
[EventCountry "NET"]
[SourceTitle "EXT 2024"]
[Source "ChessBase"]
[SourceDate "2023.10.10"]
[SourceVersion "1"]
[SourceVersionDate "2023.10.10"]
[SourceQuality "1"]

1. d4 Nf6 2. Nd2 c5 3. dxc5 Qa5 4. Ngf3 g6 5. a3 Qxc5 6. e4 Bg7 7. Bd3 O-O 8. O-O d5 9. e5 Ng4 10. Qe2 Nc6 11. Nb3 Qb6 12. Bf4 Qc7 13. Rfe1 f6 14. exf6 Qxf4 15. fxg7 Kxg7 16. h3 Nh6 17. Ne5 e6 18. Nc5 Nd4 19. Qe3 Qxe3 20. fxe3 Nc6 21. Nxc6 bxc6 22. e4 d4 23. Rf1 e5 24. Rxf8 Kxf8 25. Rf1+ Ke7 26. Bc4 Bd7 27. g4 Kd6 28. Nxd7 Kxd7 29. g5 Ng8 30. Rf7+ Kd6 31. Rxh7 Ne7 32. h4 a5 33. a4 Rf8 34. Kg2 Rf4 35. Bd3 c5 36. b3 Rg4+ 37. Kh3 Rg1 38. Kh2 Rd1 39. Rh8 Nc6 40. Rg8 Nb4 41. Rxg6+ Ke7 42. h5 Rd2+ 43. Kg1 Nxc2 44. h6 Ne1 45. Be2 Rxe2 46. h7 d3 47. h8=Q Nf3+ 48. Kf1 Nd2+ 49. Kg1 Nf3+ 50. Kf1 Nd2+ 51. Kg1 Nf3+ 1/2-1/2

[Event "Titled Tuesday 2022.12.27 Early"]
[Site "Chess.com INT"]
[Date "2022.12.27"]
[Round "8"]
[White "Sai, Krishna GV"]
[Black "Timofeev, Artyom"]
[Result "1/2-1/2"]
[WhiteElo "2379"]
[BlackElo "2567"]
[WhiteFideId "-1"]
[WhiteFideId "-1"]
[PlyCount "155"]
[GameId "1864816608735232"]
[EventDate "2022.12.27"]
[EventType "swiss (blitz)"]
[EventRounds "11"]
[EventCountry "NET"]
[SourceTitle "EXT 2024"]
[Source "ChessBase"]
[SourceDate "2023.10.10"]
[SourceVersion "1"]
[SourceVersionDate "2023.10.10"]
[SourceQuality "1"]

1. e4 c5 2. Nf3 Nc6 3. Nc3 d6 4. Bb5 Bd7 5. O-O Nf6 6. Re1 e5 7. d3 Be7 8. Bg5 O-O 9. Bxf6 Bxf6 10. Nd5 g6 11. Nd2 Bg7 12. Nc4 Be6 13. Nce3 Nd4 14. Bc4 b5 15. Bb3 f5 16. exf5 gxf5 17. Nc3 Nxb3 18. axb3 f4 19. Nf1 a6 20. Qf3 d5 21. Re2 Qd6 22. Rae1 Rae8 23. Nd2 b4 24. Nd1 Bf5 25. Qh5 Bg6 26. Qh4 e4 27. dxe4 dxe4 28. Nc4 Qd7 29. Rd2 Qc7 30. Rd6 a5 31. Qg5 Rf5 32. Qh4 Rf7 33. Qg5 Rf5 34. Qh4 Bf7 35. Ra6 Bxc4 36. bxc4 e3 37. fxe3 fxe3 38. Nxe3 Rfe5 39. Qg3 Qe7 40. Kf2 Rf8+ 41. Kg1 Rg5 42. Qd6 Qxd6 43. Rxd6 Bxb2 44. Nd5 a4 45. h4 Rg4 46. Re7 a3 47. Ra6 Rf7 48. Re8+ Kg7 49. Raa8 Rxh4 50. Rg8+ Kh6 51. g3 Rxc4 52. Ra6+ Kh5 53. Kg2 Bg7 54. Ne3 Rc3 55. g4+ Kg5 56. Nf5 Rxc2+ 57. Kg3 a2 58. Nxg7 Rc3+ 59. Kg2 Kxg4 60. Ne6+ Kf5 61. Nd8 Rd7 62. Rf8+ Ke4 63. Re6+ Kd3 64. Ra6 Kc4 65. Rxa2 b3 66. Raf2 Rc2 67. R8f4+ Kc3 68. Ne6 Rxf2+ 69. Rxf2 Rd2 70. Nxc5 Rxf2+ 71. Kxf2 b2 72. Na4+ Kb3 73. Nxb2 Kxb2 74. Kg3 Kc3 75. Kh4 Kd4 76. Kh5 Ke5 77. Kh6 Kf6 78. Kxh7 1/2-1/2

[Event "Titled Tuesday 2021.11.02"]
[Site "Chess.com INT"]
[Date "2021.11.02"]
[Round "1"]
[White "Jain, Naveen"]
[Black "Sai, Krishna GV"]
[Result "0-1"]
[WhiteElo "2032"]
[BlackElo "2405"]
[WhiteFideId "-1"]
[WhiteFideId "-1"]
[PlyCount "60"]
[GameId "1712639643525120"]
[EventDate "2021.11.02"]
[EventType "swiss (blitz)"]
[EventRounds "11"]
[EventCountry "NET"]
[SourceTitle "CBM 205 Extra"]
[Source "ChessBase"]
[SourceDate "2022.01.31"]
[SourceVersion "1"]
[SourceVersionDate "2022.01.31"]
[SourceQuality "1"]

1. c4 e5 2. g3 h5 3. h4 Nf6 4. Bg2 Bc5 5. e3 Nc6 6. Nc3 d6 7. a3 Be6 8. b4 Bb6 9. Nd5 Bxd5 10. cxd5 Ne7 11. Qb3 e4 12. Ne2 Nexd5 13. Bb2 Qe7 14. a4 c6 15. a5 Bc7 16. b5 O-O 17. a6 bxa6 18. bxc6 Rab8 19. Qa3 Nb4 20. O-O Nc2 21. Qc3 Nxa1 22. Rxa1 Qe5 23. Qxe5 dxe5 24. Bc3 Rb6 25. d3 exd3 26. Nc1 Rd8 27. Nxd3 Rxd3 28. Ba5 e4 29. Bxb6 Bxb6 30. Rxa6 Rc3 0-1

[Event "Titled Tuesday 2021.11.02"]
[Site "Chess.com INT"]
[Date "2021.11.02"]
[Round "2"]
[White "Sai, Krishna GV"]
[Black "Matveeva, Olga"]
[Result "1-0"]
[WhiteElo "2405"]
[BlackElo "2145"]
[WhiteFideId "-1"]
[WhiteFideId "-1"]
[PlyCount "53"]
[GameId "1712639644864512"]
[EventDate "2021.11.02"]
[EventType "swiss (blitz)"]
[EventRounds "11"]
[EventCountry "NET"]
[SourceTitle "CBM 205 Extra"]
[Source "ChessBase"]
[SourceDate "2022.01.31"]
[SourceVersion "1"]
[SourceVersionDate "2022.01.31"]
[SourceQuality "1"]

1. e4 e6 2. d3 d5 3. Nd2 Nf6 4. Ngf3 c5 5. g3 Nc6 6. Bg2 Be7 7. O-O O-O 8. Re1 b5 9. e5 Nd7 10. Nf1 a5 11. h4 b4 12. N1h2 a4 13. Bf4 a3 14. b3 Ba6 15. Ng5 Nd4 16. Qh5 h6 17. Ng4 hxg5 18. hxg5 Qe8 19. Bxd5 exd5 20. Nf6+ Bxf6 21. exf6 g6 22. Qh6 Nf5 23. Qh3 Qd8 24. Kg2 Ng7 25. fxg7 Kxg7 26. Qh6+ Kg8 27. Rh1 1-0

[Event "Titled Tuesday 2021.11.02"]
[Site "Chess.com INT"]
[Date "2021.11.02"]
[Round "4"]
[White "Novik, Maxim"]
[Black "Sai, Krishna GV"]
[Result "0-1"]
[WhiteElo "2438"]
[BlackElo "2405"]
[WhiteFideId "-1"]
[WhiteFideId "-1"]
[PlyCount "56"]
[GameId "1712639646384128"]
[EventDate "2021.11.02"]
[EventType "swiss (blitz)"]
[EventRounds "11"]
[EventCountry "NET"]
[SourceTitle "CBM 205 Extra"]
[Source "ChessBase"]
[SourceDate "2022.01.31"]
[SourceVersion "1"]
[SourceVersionDate "2022.01.31"]
[SourceQuality "1"]

1. d4 Nf6 2. c4 g6 3. Nc3 Bg7 4. e4 d6 5. Be2 O-O 6. g4 c5 7. d5 b5 8. g5 Nfd7 9. h4 bxc4 10. f4 e5 11. dxe6 fxe6 12. Qxd6 Nb6 13. Qxd8 Rxd8 14. Nf3 Nc6 15. Be3 Nd4 16. O-O-O Bb7 17. Rhe1 Nxe2+ 18. Rxe2 Rxd1+ 19. Kxd1 Bxc3 20. bxc3 Bxe4 21. Ne5 Nd5 22. Bd2 Bf5 23. Ke1 Rb8 24. Kf2 Rb2 25. Be1 Rxe2+ 26. Kxe2 Nxf4+ 27. Kf3 Nd3 28. Bd2 Nxe5+ 0-1

[Event "Titled Tuesday 2021.11.02"]
[Site "Chess.com INT"]
[Date "2021.11.02"]
[Round "5"]
[White "Sai, Krishna GV"]
[Black "Abdulla, Khayala Mardan Qizi"]
[Result "0-1"]
[WhiteElo "2405"]
[BlackElo "2219"]
[WhiteFideId "-1"]
[WhiteFideId "-1"]
[PlyCount "104"]
[GameId "1712639647428608"]
[EventDate "2021.11.02"]
[EventType "swiss (blitz)"]
[EventRounds "11"]
[EventCountry "NET"]
[SourceTitle "CBM 205 Extra"]
[Source "ChessBase"]
[SourceDate "2022.01.31"]
[SourceVersion "1"]
[SourceVersionDate "2022.01.31"]
[SourceQuality "1"]

1. e4 c5 2. Nc3 e6 3. Nf3 a6 4. d4 cxd4 5. Nxd4 Qc7 6. Bd3 Nf6 7. O-O Nc6 8. Nxc6 bxc6 9. b3 d5 10. Bb2 Bd6 11. g3 d4 12. Ne2 e5 13. f4 c5 14. fxe5 Bxe5 15. Nf4 O-O 16. Nd5 Nxd5 17. exd5 g6 18. Qf3 Bb7 19. Rae1 Rad8 20. Be4 Qd6 21. c4 dxc3 22. Bxc3 Bxc3 23. Qxc3 Bxd5 24. Rd1 Qe6 25. Bxd5 Rxd5 26. Rde1 Qd7 27. Rf6 Rd2 28. Rxa6 Rd8 29. Rf6 Rxa2 30. Ref1 Qh3 31. R6f2 Rxf2 32. Kxf2 Qxh2+ 33. Kf3 Rd5 34. Re1 Rf5+ 35. Ke4 Qg2+ 36. Kd3 Rf3+ 37. Re3 Rxe3+ 38. Kxe3 Qxg3+ 39. Kd2 Qxc3+ 40. Kxc3 h5 41. Kc4 h4 42. Kxc5 h3 43. b4 h2 44. b5 h1=Q 45. b6 Qb7 46. Kb5 Kf8 47. Kc5 Ke7 48. Kb5 Kd6 49. Ka5 Kc5 50. Ka4 Qxb6 51. Ka3 Kc4 52. Ka4 Qa6# 0-1

[Event "Titled Tuesday 2021.08.17"]
[Site "Chess.com INT"]
[Date "2021.08.17"]
[Round "4"]
[White "Sai, Krishna GV"]
[Black "Wesolowska, Hanna"]
[Result "0-1"]
[WhiteElo "2405"]
[BlackElo "1778"]
[WhiteFideId "-1"]
[WhiteFideId "-1"]
[PlyCount "60"]
[GameId "1684669022494720"]
[EventDate "2021.08.17"]
[EventType "swiss (blitz)"]
[EventRounds "11"]
[EventCountry "NET"]
[SourceTitle "EXT 2022"]
[Source "ChessBase"]
[SourceDate "2021.10.06"]
[SourceVersion "1"]
[SourceVersionDate "2021.10.06"]
[SourceQuality "1"]

1. e4 c5 2. Nf3 d6 3. Nc3 Nf6 4. d4 cxd4 5. Nxd4 a6 6. Bg5 e6 7. f4 Qb6 8. Qd2 Be7 9. O-O-O h6 10. Bh4 Nc6 11. Bxf6 gxf6 12. Be2 Nxd4 13. Qxd4 Qxd4 14. Rxd4 Bd7 15. Bh5 Rg8 16. g4 Bc6 17. Rhd1 Rc8 18. f5 e5 19. R4d3 b5 20. b4 Bb7 21. Kb2 Rc4 22. Kb3 Bxe4 23. Rxd6 Bxd6 24. Rxd6 Ke7 25. Rxa6 Rgc8 26. Nxb5 Bxc2+ 27. Kb2 Rxb4+ 28. Ka3 Rxb5 29. Ra7+ Kd6 30. Bxf7 Rc3+ 0-1